| 000 | 00888nam a22003377a 4500 | ||
|---|---|---|---|
| 001 | BR8501722 | ||
| 003 | BR-BrBNA | ||
| 005 | 20230928092128.0 | ||
| 007 | ta | ||
| 008 | 230509b bl.||||| |||| 00| 0 por d | ||
| 040 |
_aBR-BrBNA _bpor _cBiblioteca Nacional de Agricultura |
||
| 041 | _a(Por) | ||
| 072 |
_aL01; L73; L74 _b5240 _b4150 |
||
| 090 | _ 5240 BR8501722 | ||
| 100 | 1 | _aSantos, V.T. dos | |
| 245 | 1 | _aOvinocultura - principios basicos para sua instalacao e exploracao | |
| 260 | 3 |
_aSao Paulo, SP (Brasil): _bLivraria Nobel S.A., _c1985. |
|
| 300 | _a167 p. | ||
| 500 | _a55 illus. | ||
| 650 | _aOVINO | ||
| 650 | _aOVINOCULTURA | ||
| 650 | _aCRIACAO | ||
| 650 | _aRACA | ||
| 650 | _aMANEJO | ||
| 650 | _aVIRUS | ||
| 650 | _aPARASITO DE ANIMAL | ||
| 650 | _aSINTOMA | ||
| 650 | _aINTOXICACAO ANIMAL | ||
| 909 |
_a202309 _bLucia _c55 _dLucia Elande |
||
| 942 | _cBK | ||
| 999 |
_c37281 _d37281 |
||